<?xml version="1.0" encoding="UTF-8"?>
<record
    xmlns:xsi="http://www.w3.org/2001/XMLSchema-instance"
    xsi:schemaLocation="http://www.loc.gov/MARC21/slim http://www.loc.gov/standards/marcxml/schema/MARC21slim.xsd"
    xmlns="http://www.loc.gov/MARC21/slim">

  <leader>01192cam a22002771  4500</leader>
  <controlfield tag="001">sa 68000652 </controlfield>
  <controlfield tag="003">DLC</controlfield>
  <controlfield tag="005">20260227112425.0</controlfield>
  <controlfield tag="008">790613s1963    fr a     b    000 0 san  </controlfield>
  <datafield tag="010" ind1=" " ind2=" ">
    <subfield code="a">sa 68000652 </subfield>
  </datafield>
  <datafield tag="035" ind1=" " ind2=" ">
    <subfield code="a">(OCoLC)5060464</subfield>
  </datafield>
  <datafield tag="040" ind1=" " ind2=" ">
    <subfield code="a">DLC</subfield>
    <subfield code="c">NcGU</subfield>
    <subfield code="d">NcGU</subfield>
    <subfield code="d">DLC</subfield>
  </datafield>
  <datafield tag="041" ind1="0" ind2=" ">
    <subfield code="a">sanfre</subfield>
  </datafield>
  <datafield tag="050" ind1="0" ind2="0">
    <subfield code="a">BL1226.2</subfield>
    <subfield code="b">.S66</subfield>
  </datafield>
  <datafield tag="100" ind1="0" ind2=" ">
    <subfield code="a">Soma&#x15B;ambhu.</subfield>
  </datafield>
  <datafield tag="245" ind1="1" ind2="0">
    <subfield code="a">Soma&#x15B;ambhupaddhati.</subfield>
    <subfield code="c">Traduction, introd. et notes par H&#xE9;l&#xE8;ne Brunner-Lachaux.</subfield>
  </datafield>
  <datafield tag="260" ind1=" " ind2=" ">
    <subfield code="a">Pondich&#xE9;ry,</subfield>
    <subfield code="b">Institut franc&#x31C;ais d'indologie,</subfield>
    <subfield code="c">1963-1998.</subfield>
  </datafield>
  <datafield tag="300" ind1=" " ind2=" ">
    <subfield code="a">v.</subfield>
    <subfield code="b">illus.</subfield>
    <subfield code="c">25 cm.</subfield>
  </datafield>
  <datafield tag="490" ind1="1" ind2=" ">
    <subfield code="a">Publications de l'Institut franc&#x31C;ais d'indologie,</subfield>
    <subfield code="v">no. 25</subfield>
  </datafield>
  <datafield tag="500" ind1=" " ind2=" ">
    <subfield code="a">French and Sanskirt; introductory matter and notes in French.</subfield>
  </datafield>
  <datafield tag="504" ind1=" " ind2=" ">
    <subfield code="a">Includes bibliographies.</subfield>
  </datafield>
  <datafield tag="505" ind1="2" ind2=" ">
    <subfield code="a">ptie. 1. Le rituel quotidien dans la tradition &#x15B;iva&#xEF;te de l'Inde du Sud.-- ptie. 2. Rituels occasionels dans la tradition &#x15B;iva&#x12B;te de l'Inde du Sud. I. Pavitr&#x101;roha&#x1E47;a, damanap&#x16B;j&#x101; et pr&#x101;ya&#x15B;citta -- pite. 4. Rituels optionnels : prati&#x1E63;&#x1E6D;h&#x101;</subfield>
  </datafield>
  <datafield tag="650" ind1=" " ind2="0">
    <subfield code="a">&#x15A;aivism</subfield>
    <subfield code="x">Rituals.</subfield>
  </datafield>
  <datafield tag="700" ind1="2" ind2=" ">
    <subfield code="a">Brunner-Lachaux, H&#xE9;l&#xE8;ne</subfield>
    <subfield code="e">ed. and tr.</subfield>
  </datafield>
  <datafield tag="830" ind1=" " ind2="0">
    <subfield code="a">Publications de l'Institut fran&#xE7;ais d'indologie ;</subfield>
    <subfield code="v">no. 25.</subfield>
  </datafield>
  <datafield tag="999" ind1=" " ind2=" ">
    <subfield code="c">77364</subfield>
    <subfield code="d">77364</subfield>
  </datafield>
</record>
